[Event "CZE-ch U12"]
[Site "Kouty nad Desnou"]
[Date "2024.03.15"]
[Round "8"]
[White "Zrust, Lukas"]
[Black "Honcharov, Makar"]
[Result "0-1"]
[WhiteElo "1893"]
[BlackElo "1872"]
[PlyCount "84"]
[EventDate "2024.03.09"]
[EventType "swiss"]
[EventRounds "9"]
[EventCountry "CZE"]
[SourceTitle "CB12_2024"]
[SourceDate "2023.10.01"]
[SourceVersion "1"]
[SourceVersionDate "2023.10.01"]
[SourceQuality "1"]

1. e4 e5 2. Nf3 Nc6 3. d4 exd4 4. Nxd4 Bc5 5. Be3 Qf6 6. c3 Nge7 7. Be2 d5 8. Nxc6 Bxe3 9. fxe3 bxc6 10. exd5 cxd5 11. Qd4 Qg6 12. 0-0 0-0 13. Kh1 Rb8 14. b3 Nf5 15. Qf4 Nd6 16. Rd1 Ne4 17. Bd3 Bf5 18. Bxe4 Bxe4 19. Qf2 Rfe8 20. Nd2 Bf5 21. Rf1 Bd3 22. Rfe1 Rb6 23. Rac1 Rf6 24. Qg1 Qf5 25. Nf3 Qh5 26. Rcd1 Be4 27. Nd2 Bd3 28. Nf3 Bc2 29. Rc1 Be4 30. Nd2 Bd3 31. c4 Ra6 32. a4 dxc4 33. Nxc4 Rg6 34. Nd2 c6 35. Rc3 Ba6 36. e4 Rd8 37. Qxa7 Qg5 38. Rg3 Qxd2 39. Rg1 Rxg3 40. Qxa6 Rxg2 41. Rxg2 Qe1+ 42. Rg1 Qxe4+ 0-1

[Event "CZE-chT U12"]
[Site "Jihlava"]
[Date "2022.06.10"]
[Round "1.3"]
[White "Novotny, Adam1111"]
[Black "Honcharov, Makar"]
[Result "0-1"]
[WhiteElo "1098"]
[BlackElo "1264"]
[PlyCount "122"]
[EventDate "2022.06.10"]
[EventType "team-swiss"]
[EventRounds "9"]
[EventCountry "CZE"]
[SourceTitle "CBM 209 Extra"]
[Source "ChessBase"]
[SourceDate "2022.09.30"]
[SourceVersion "1"]
[SourceVersionDate "2022.09.30"]
[SourceQuality "1"]
[WhiteTeam "Svetla nad Sazavou U12"]
[BlackTeam "Plzen 64 U12"]
[WhiteTeamCountry "CZE"]
[BlackTeamCountry "CZE"]

1. e4 e6 2. d4 d5 3. Nc3 dxe4 4. Nxe4 b6 5. Nf3 Bb7 6. Nc3 Nf6 7. Bb5+ Nbd7 8. Be3 a6 9. Ba4 b5 10. Bb3 Nb6 11. 0-0 Be7 12. Re1 0-0 13. Qd3 h6 14. Rad1 Nbd5 15. Nxd5 Nxd5 16. c3 Qd7 17. Bc2 Nf6 18. Ne5 Qd8 19. Ng4 g6 20. Nxf6+ Bxf6 21. Bxh6 Bg7 22. Bxg7 Kxg7 23. Qg3 Qd7 24. Re3 Rh8 25. Qe5+ Kg8 26. Rdd3 Qc6 27. f3 Rd8 28. Qf6 Qd6 29. Qe5 Qe7 30. Qg3 Rd5 31. Re5 Qh4 32. Qxh4 Rxh4 33. Rxd5 Bxd5 34. a3 a5 35. Re3 b4 36. cxb4 axb4 37. axb4 Rxd4 38. Rd3 Rxb4 39. b3 Kg7 40. Rc3 c6 41. Be4 Bxe4 42. fxe4 Rxe4 43. Rxc6 Rb4 44. Rc3 Kf6 45. Re3 Kf5 46. Kf2 e5 47. g3 e4 48. Ke2 Ke5 49. Kf2 f5 50. h3 g5 51. g4 f4 52. Rc3 Kd4 53. Rc6 Rxb3 54. Rg6 Rf3+ 55. Ke2 Rxh3 56. Rxg5 Rh2+ 57. Kf1 f3 58. Rh5 Rxh5 59. gxh5 Ke5 60. h6 Kf6 61. h7 Kg7 0-1